Boletn̕ Oficial de la Provincia de Cr̤doba

Bibliographic Details
Format: Unknown
Language:Spanish
Published: Cr̤doba : Diputacin̤ Provincial
Subjects:
Online Access:Acceso restringido

MARC

LEADER 00000ny a22000003n 4500
005 20110510130326.0
008 100311c19uu9999sp dr p s0 a0spa d
035 |a 2139 
040 |a BUS  |d vLex 
090 |c 1535  |d 1535 
130 0 |a Boletn̕ Oficial de la Provincia de Cr̤doba (Argentina) 
245 3 0 |a Boletn̕ Oficial de la Provincia de Cr̤doba  |h [Recurso electrn̤ico] 
246 3 |a BOPCBA 
256 |a Servicio en ln̕ea 
260 |a Cr̤doba :  |b Diputacin̤ Provincial 
310 |a Diaria 
650 0 4 |a Derecho  |z Argentina  |z Cr̤doba  |x Legislacin̤  |x Publicaciones perid̤icas 
740 0 |a vLex Revista (Servicios en ln̕ea) 
843 |a Electrn̤ica. Abierta 
853 |8 1  |i (year)  |j (month)  |k (day) 
856 4 |z Acceso restringido  |u http://vlex.com/source/boletin-oficial-provincia-cordoba-2139 
942 |c REV